000 nam a22 7a 4500
999 _c8869
_d8869
008 180120b ||||| |||| 00| 0 eng d
100 _aChand.K.
_95187
245 _aScience in Life Today
260 _aNew Delhi
_bPrachi
_c2008-2009